000 01235nam a2200229Ia 4500
001 L250-16250
003 IT-CnALBA
008 170116s9999||||xx |||||||||||||| ||und||
040 _aIT-CnALBA
_cIT-CnALBA
041 _aITALIANO
100 _aFRASSINETTI GIOVANNI, SAC.
245 0 _aALTRE OMELIE MORALI. - DISCORSI E NOVENA DEL SANTO NATALE.
250 _a1a ed.
260 _a GENOVA
_bARCIVESCOVILE TIPOGRAFIA
_c1875 [1° Ed.:1875 - Ed.Ling.Originale: 1875]
300 _a290 p.
500 _aDISCORSO DI FINE ANNO. CIRCONCISIONE. EPIFANIA. PURIIFICAZIONE DI MARIA. ASCENSIONE. S. GIOVANNI BATTISTA. SS. PIETRO E PAOLO. ASSUNZIONE DI MARIA. NATIVITÀ. S. NOME DI MARIA. ROSARIO. N. S. DELLA SALUTE. PURITÀ DI MARIA. IMMACOLATA CONCEZIONE. LE OTTO BE
501 _aSocietà San Paolo EM - Piazza San Paolo, 14 - 12051 ALBA (CN) (non commercial uses only) ® Copyright 2017
520 _aDISCORSO DI FINE ANNO. CIRCONCISIONE. EPIFANIA. PURIIFICAZIONE DI MARIA. ASCENSIONE. S. GIOVANNI BATTISTA. SS. PIETRO E PAOLO. ASSUNZIONE DI MARIA. NATIVITÀ. S. NOME DI MARIA. ROSARIO. N. S. DELLA SALUTE. PURITÀ DI MARIA. IMMACOLATA CONCEZIONE. LE OTTO BE
650 _aTEOLOGIA PASTORALE
942 _cBK
957 _71
999 _a20998
_bSI
_g Copie: 1
_c275412
_d275412